Spôsoby merania spokojnosti spotrebiteľa v prostredí elektronického obchodu bakalárska práca

Guardado en:
Detalles Bibliográficos
Autor principal: Valentko, Erik
Autor Corporativo: Obchodná fakulta EU. Katedra informatiky obchodných firiem
Otros Autores: Hasan, Jamal
Formato: Libro
Lenguaje:eslovaco
Publicado: Bratislava 2020
Etiquetas: Agregar Etiqueta
Sin Etiquetas, Sea el primero en etiquetar este registro!

MARC

LEADER 00000nbm a2200000 4500
001 0266589
005 20201009101225.3
041 0 |a slo 
044 |a SK 
245 1 0 |a Spôsoby merania spokojnosti spotrebiteľa v prostredí elektronického obchodu  |b bakalárska práca  |c Erik Valentko ; školiteľ: Jamal Hasan 
264 1 |a Bratislava  |c 2020 
300 |a 51 s. 
100 1 |a Valentko, Erik 
700 1 |a Hasan, Jamal 
710 2 |a Obchodná fakulta EU. Katedra informatiky obchodných firiem